LEADER 01428nam--2200397---450- 001 990003036810203316 005 20071219130539.0 010 $a92-826-7543-2 035 $a000303681 035 $aUSA01000303681 035 $a(ALEPH)000303681USA01 035 $a000303681 100 $a20071219d1994----km-y0itay0103----ba 101 $aita 102 $aLU 105 $a||||||||001yy 200 1 $aReti transeuropee$f[Commissione europea, Direzione generale Informazione, comunicazione, cultura e audiovisivo] 210 $aLussemburgo$cUfficio delle pubblicazioni ufficiali delle Comunità europee$d1994 215 $a1 pieghevole$cill.$d23 cm 225 2 $a<>Europa in movimento 410 1$12001$a<>Europa in movimento 606 0 $aComunicazioni$xComunità europea$xGuide pratiche 606 0 $aEnergia$xComunità europea$xGuide pratiche 606 0 $aTelecomunicazioni$xComunità europea$xGuide pratiche 676 $a388.094 699 $a01.05$bReti transeuropee 710 02$aCOMMISSIONE EUROPEA :$bDirezione generale Informazione, comunicazione, cultura e audiovisivo$0541546 801 0$aIT$bsalbc$gISBD 912 $a990003036810203316 951 $aCDE 01.05 (LXXXVI)$bCDE 1738$cCDE 01.05$d00148435 959 $aBK 969 $aCDE 979 $aMARIAS$b90$c20071219$lUSA01$h1305 979 $aMARIAS$b90$c20080220$lUSA01$h1127 996 $aReti transeuropee$91026217 997 $aUNISA